Logistika a vnútropodniková doprava, stav a trendy vývoja - PSA Peugeot Citroën Trnava diplomová práca

Salvato in:
Dettagli Bibliografici
Autore principale: Piláriková, Petra
Ente Autore: Fakulta podnikového manažmentu EU. Katedra manažmentu výroby a logistiky - zrušená
Altri autori: Svatý, Fedor
Natura: Libro
Lingua:slovacco
Pubblicazione: Bratislava 2009
Tags: Aggiungi Tag
Nessun Tag, puoi essere il primo ad aggiungerne!!

MARC

LEADER 00000nam$a2200000$$$4500
001 0102431
005 20240320075047.9
041 0 |a slo 
044 |a SK 
245 1 0 |a Logistika a vnútropodniková doprava, stav a trendy vývoja - PSA Peugeot Citroën Trnava  |b diplomová práca  |c Petra Piláriková ; škol. Fedor Svatý 
264 1 |a Bratislava  |c 2009 
300 |a 70 s. 
100 1 |a Piláriková, Petra 
700 1 |a Svatý, Fedor 
710 2 |a Fakulta podnikového manažmentu EU. Katedra manažmentu výroby a logistiky - zrušená